000 00676nam a22002293 4500
001 21828
003 BD-RjUL
005 20211209000732.0
008 200115s1948 xx 000 0 eng d
035 _a( BD-RjUL)21893
040 _aEQO
_cEQO
_beng
041 _aeng
082 _223
_a346.045
_bHIT 1945
100 1 _aHill, H.A.
_9237602
245 1 3 _aTheTown and country planning act, 1947 /
_cH.A. Hill and D.P. Kerrigan
260 _aLondon :
_bbutterworth & co. ,
_c1948.
300 _av, 316 p. ;
_c25 cm
650 _aCity planning and redevelopment law.
_9237603
700 _a Kerrigan, D.P.
_9237607
942 _2ddc
_cBK
999 _c21828
_d21828